Deutschland Quiz #2 - Statistiken

Allgemein
  • Dieses Quiz wurde 64 mal gespielt
  • Das Durchschnittsergebnis liegt bei 4 aus 5
Antwortstatistiken
Frage Antwort % Korrekt
Wann fiel die Berliner Mauer? 9. November 1989
97%
Was war die frühere Hauptstadt von Deutschland? Bonn
95%
Was ist der größte See in Deutschland? Bodensee
91%
Was ist das größte Bundesland? Bayern
88%
Was ist die größte Insel in Deutschland? Rügen
72%
Keine übereinstimmenden Quizze gefunden
Verteilung der Resultate
Anzahl Personen mit jedem Resultat
Perzentil nach korrekt beantworteten Fragen
Ihre Resultats-Entwicklung
Sie haben dieses Quiz noch nicht gespielt